000
00248nam a22001097a 4500
082
_a
808.3 PIN'R
100
_a
PINSON, R. G
_9
57768
245
_a
RAMBLES IN STORY LAND
260
_a
LAHORE
_b
MAKTABA-TUL-MAARIF
_c
1960
300
_a
108P
942
_c
BK
999
_c
568026
_d
568026